Sonatas novohispanas /

Guardado en:
Bibliografiske detaljer
Institution som forfatter: La Fontegara (ejecución musical)
Andre forfattere: Díez-Canedo, María (ejecución musical) (ejecución musical), Villa Walls, Gabriela (ejecución musical) (ejecución musical), Cruz, Eloy (ejecución musical) (ejecución musical), Padilla, Eunice (ejecución musical) (ejecución musical), Misón, Luis (música) (música), Locatelli, Pietro Antonio (música) (música), Tello, Aurelio (texto del folleto) (texto del folleto)
Format: Audio
Udgivet: México : URTEXT : Fondo Nacional para la Cultura y las Artes, 2000, c2000
Fag:
Tags: Tilføj Tag
Ingen Tags, Vær først til at tagge denne postø!

MARC

LEADER 00000njm^a2200000^a^4500
001 000288607
005 20251020000000.0
009 20260310111913.207
037 |a Acervo ITESO - Biblioteca 
041 |a SON 
082 |a 784. 04  |b FON 
110 |a La Fontegara  |e (ejecución musical) 
240 1 1 |a [Sonata en la menor, de Luis Misón] 
240 1 1 |a [Sonatas, anónimas, de la Catedral de México] 
240 1 1 |a [Sonata N° 2 en re mayor, de Pietro Antonio Locatelli] 
240 1 1 |a [Dos piezas para guitarra, del Códice Saldíva N° 4] 
245 1 0 |a Sonatas novohispanas /  |c Ejecución musical de La Fontegara ; flauta M. Díez-Canedo ; viola da gamba y tr. por G. Villa Walls ; tiorba y guitarras E. Cruz ; clavecín E. Padilla ; texto del folleto de A. Tello ; tr. por Nelissa Caram, Ortolf Karla. 
264 4 |a México :  |b URTEXT :  |b Fondo Nacional para la Cultura y las Artes,  |c 2000, c2000 
300 |a 1 disco compacto sonoro (49 min.) +  |e 1 folleto (30 p.) 
336 |a música interpretada  |b prm  |2 rdacontenido 
337 |a audio  |b s  |2 rdamedio 
338 |a disco sonoro  |b sd  |2 rdasoporte 
546 |a Edición multilingüe (folleto) 
649 |a XX 
650 |a Músicos Mexicanos 
650 |a Artistas Mexicanos 
650 |a Sonata -  |z México 
650 |a Música Virreinal -  |z México 
650 |a Música Barroca -  |z México 
650 |a Música de Cámara -  |z México 
650 |a Música de Concierto -  |z México 
650 |a Música Mexicana -  |x Intérpretes Mexicanos 
650 |a Música Mexicana -  |y Siglo XVIII 
700 |a Díez-Canedo, María  |e (ejecución musical) 
700 |a Villa Walls, Gabriela  |e (ejecución musical) 
700 |a Cruz, Eloy  |e (ejecución musical) 
700 |a Padilla, Eunice  |e (ejecución musical) 
700 |a Misón, Luis  |e (música) 
700 |a Locatelli, Pietro Antonio  |e (música) 
700 |a Tello, Aurelio  |e (texto del folleto) 
910 |a Fondo General 
920 |a Sonoros - CDs 
940 |a CDs de Música 
905 |a 401 
901 |a 0500175611  |b IT2  |c CDM  |u 20250521 
901 |a 0500175614  |b IT2  |c MIM  |u 20251020 
902 |a https://opac.biblio.iteso.mx/vufind/Record/000288607